MARC details
| 000 -CABECERA |
| campo de control de longitud fija |
02254nam a2200313 a 4500 |
| 003 - IDENTIFICADOR DEL NÚMERO DE CONTROL |
| campo de control |
DO-SdBNP |
| 005 - FECHA Y HORA DE LA ÚLTIMA TRANSACCIÓN |
| campo de control |
20250217092805.0 |
| 007 - CAMPO FIJO DE DESCRIPCIÓN FÍSICA--INFORMACIÓN GENERAL |
| campo de control de longitud fija |
ta |
| 008 - DATOS DE LONGITUD FIJA--INFORMACIÓN GENERAL |
| campo de control de longitud fija |
091012s1991 dr 000 0 spa d |
| 040 ## - FUENTE DE LA CATALOGACIÓN |
| Centro catalogador/agencia de origen |
DO-SdBNP |
| Lengua de catalogación |
spa |
| Centro/agencia transcriptor |
BNPHU |
| 082 ## - NÚMERO DE LA CLASIFICACIÓN DECIMAL DEWEY |
| Número de clasificación |
248.25 |
| Número de documento/Ítem |
J91c |
| 100 1# - ENTRADA PRINCIPAL--NOMBRE DE PERSONA |
| Nombre de persona |
Juanes, Benigno |
| Fechas asociadas al nombre |
1916-2009 |
| 9 (RLIN) |
442 |
| 245 10 - MENCIÓN DE TÍTULO |
| Título |
Componentes básicos de la renovación / |
| Mención de responsabilidad, etc. |
Benigno Juanes ; presentación Moseñor Ramón de la Rosa y Carpio. |
| 250 ## - MENCIÓN DE EDICIÓN |
| Mención de edición |
2a. ed. |
| 260 ## - PUBLICACIÓN, DISTRIBUCIÓN, ETC. |
| Lugar de publicación, distribución, etc. |
Santo Domingo : |
| Nombre del editor, distribuidor, etc. |
Renovación Carismática Católica, |
| -- |
Amigo del Hogar, |
| Fecha de publicación, distribución, etc. |
1991 |
| 300 ## - DESCRIPCIÓN FÍSICA |
| Extensión |
326 p. ; |
| Dimensiones |
22 cm. |
| 490 ## - MENCIÓN DE SERIE |
| Mención de serie |
Torrentes ; |
| Designación de volumen o secuencia |
2 |
| 500 ## - NOTA GENERAL |
| Nota general |
Guía para la renovación Carismática Católica |
| 500 ## - NOTA GENERAL |
| Nota general |
Nicolás de Js. López Rodríguez arzobispo metropolitano de Santo Domingo Primada de América, acesor nacional de la Renovación Cristiana en el Espíritu Santo. |
| 505 0# - NOTA DE CONTENIDO CON FORMATO |
| Nota de contenido con formato |
¿Qué esla renovación carismática? -- |
| Título |
Elementos carismáticos de la Renovación Cristiana en el Espíritu Santo -- |
| -- |
El Bautismo (o fusión) en el Espíritu Santo -- |
| -- |
Efectos del bautismo en el Esporítu Santo y seguimiento -- |
| -- |
Los carismas -- |
| -- |
Carísmas más frecuentes en los grupos de oración -- |
| -- |
El grupo de oración a la luz de las primitivas comunidades cristianas -- |
| -- |
¿Por qué y para qué se reúnen los grupos de oración? -- |
| -- |
El "Ser Intimo" de los grupos de oración -- |
| -- |
Líneas de fuerza de los grupos de oración -- |
| -- |
Objetivos concretos de los grupos de oración -- |
| -- |
Obstáculos a la eficacia de la acción del Señor en el grupo de oración -- |
| -- |
Dificultades y problemas de la vida de los grupos de oración : la actuación del servidor -- |
| -- |
Preparación para los grupos de oración -- |
| -- |
Frutos de los grupos de oración -- |
| -- |
La evangelización como fruto de los grupos de oración -- |
| -- |
El compromiso social como fruto de los grupos de oración -- |
| -- |
El amor y la opción preferencial por los pobres como fruto de los grupos de oración -- |
| -- |
Apéndice. |
| 590 ## - NOTA LOCAL (RLIN) |
| Nota local |
Inventariado, 2018/BT |
| 650 #4 - PUNTO DE ACCESO ADICIONAL DE MATERIA--TÉRMINO DE MATERIA |
| Término de materia o nombre geográfico como elemento de entrada |
Movimiento carismático |
| 9 (RLIN) |
666 |
| 650 #4 - PUNTO DE ACCESO ADICIONAL DE MATERIA--TÉRMINO DE MATERIA |
| Término de materia o nombre geográfico como elemento de entrada |
Evangelización |
| 9 (RLIN) |
476 |
| 650 #4 - PUNTO DE ACCESO ADICIONAL DE MATERIA--TÉRMINO DE MATERIA |
| Término de materia o nombre geográfico como elemento de entrada |
Grupos de oración |
| 9 (RLIN) |
26144 |
| 700 12 - PUNTO DE ACCESO ADICIONAL--NOMBRE DE PERSONA |
| Nombre de persona |
Rosa y Carpio, Ramón de la |
| 9 (RLIN) |
2173 |
| 830 #0 - PUNTO DE ACCESO ADICIONAL DE SERIE-TÍTULO UNIFORME |
| Título uniforme |
Torrentes ; |
| Número de parte o sección de la obra |
2 |
| 9 (RLIN) |
26145 |
| 910 ## - DATOS DE OPCIÓN DEL USUARIO (OCLC) |
| Datos de opción del usuario |
Lopérez. Validado. Control de calidad. MFF |
| 942 ## - ELEMENTOS DE PUNTO DE ACCESO ADICIONAL (KOHA) |
| Fuente del sistema de clasificación o colocación |
Dewey Decimal Classification |
| Tipo de ítem Koha |
Libro |